[Event "ROM-chT"]
[Site "Mamaia"]
[Date "2019.09.25"]
[Round "5.2"]
[White "Barzanu, Iulian"]
[Black "Talu, Mircea"]
[Result "0-1"]
[WhiteElo "2187"]
[BlackElo "2288"]
[PlyCount "76"]
[EventDate "2019.09.21"]
[EventType "team-tourn"]
[EventRounds "9"]
[EventCountry "ROU"]
[SourceTitle "EXT 2020"]
[Source "ChessBase"]
[SourceDate "2019.10.17"]
[SourceVersion "1"]
[SourceVersionDate "2019.10.17"]
[SourceQuality "1"]
[WhiteTeam "Craiova Oltenia"]
[BlackTeam "Cluj Napoca"]
[WhiteTeamCountry "ROU"]
[BlackTeamCountry "ROU"]

1. g3 Nf6 2. Bg2 e5 3. c4 Nc6 4. Nc3 Bb4 5. Nd5 Nxd5 6. cxd5 Ne7 7. e3 c6 8. a3 Bd6 9. dxc6 dxc6 10. Ne2 0-0 11. 0-0 Bg4 12. h3 Be6 13. Qc2 Qc8 14. Kh2 f5 15. f4 Bd5 16. d4 Bxg2 17. Kxg2 exf4 18. Nxf4 Bxf4 19. Rxf4 Nd5 20. Rf3 Qe6 21. Bd2 g6 22. Raf1 Rfe8 23. Bc1 Re7 24. Kg1 Rae8 25. Qf2 Kg7 26. Qg2 h5 27. Qf2 Qd7 28. g4 fxg4 29. Rf8 gxh3 30. Kh1 Qe6 31. Kh2 Qe4 32. Kxh3 Rxf8 33. Qxf8+ Kh7 34. Rf7+ Rxf7 35. Qxf7+ Kh6 36. Qf8+ Kg5 37. Qd8+ Nf6 38. Bd2 Qf3+ 0-1

[Event "ROM-chT"]
[Site "Mamaia"]
[Date "2019.09.23"]
[Round "3.1"]
[White "Anton, Teodor"]
[Black "Barzanu, Iulian"]
[Result "1-0"]
[WhiteElo "2445"]
[BlackElo "2187"]
[PlyCount "36"]
[EventDate "2019.09.21"]
[EventType "team-tourn"]
[EventRounds "9"]
[EventCountry "ROU"]
[SourceTitle "EXT 2020"]
[Source "ChessBase"]
[SourceDate "2019.10.17"]
[SourceVersion "1"]
[SourceVersionDate "2019.10.17"]
[SourceQuality "1"]
[WhiteTeam "Timisoara Medicina"]
[BlackTeam "Craiova Oltenia"]
[WhiteTeamCountry "ROU"]
[BlackTeamCountry "ROU"]

1. d4 Nf6 2. Nf3 g6 3. c4 Bg7 4. g3 c5 5. d5 e6 6. Bg2 exd5 7. cxd5 d6 8. Nc3 0-0 9. 0-0 Re8 10. Bf4 a6 11. a4 Bf5 12. Nd2 Nh5 13. e4 Nxf4 14. gxf4 Bc8 15. Nc4 Bh6 16. Qf3 Qf6 17. Nb6 Ra7 18. Nxc8 Ra8 1-0

[Event "ROM-chT"]
[Site "Calimanesti Caciulata"]
[Date "2016.11.25"]
[Round "7.3"]
[White "Barzanu, Iulian"]
[Black "Gavrilescu, David"]
[Result "1-0"]
[WhiteElo "2203"]
[BlackElo "2258"]
[PlyCount "111"]
[EventDate "2016.11.19"]
[EventType "team-tourn"]
[EventRounds "9"]
[EventCountry "ROU"]
[SourceTitle "CBM 175 Extra"]
[Source "ChessBase"]
[SourceDate "2016.12.12"]
[SourceVersion "1"]
[SourceVersionDate "2016.12.12"]
[SourceQuality "1"]
[WhiteTeam "Oltenia Pro Logos"]
[BlackTeam "Timisoara Medicina"]
[WhiteTeamCountry "ROU"]
[BlackTeamCountry "ROU"]

1. Nf3 d5 2. d4 Bf5 3. c4 e6 4. Nc3 Nf6 5. Bg5 c6 6. Qb3 Qb6 7. c5 Qxb3 8. axb3 Na6 9. Bxf6 gxf6 10. e4 Nb4 11. Ra4 dxe4 12. Rxb4 exf3 13. Rxb7 e5 14. d5 Bxc5 15. dxc6 0-0 16. gxf3 Rfb8 17. Ba6 Rc8 18. Rg1+ Kf8 19. Bc4 Bg6 20. Bd5 Rab8 21. Ke2 Rxb7 22. cxb7 Rb8 23. Rc1 Bf5 24. Nb5 Bb4 25. Rc4 Be6 26. Bxe6 Rxb7 27. Bd7 Rxd7 28. Rxb4 Rb7 29. Kd3 a5 30. Ra4 Rxb5 31. Kc4 Rb7 32. Rxa5 Rd7 33. Rd5 Rc7+ 34. Rc5 Rd7 35. Rd5 Rc7+ 36. Rc5 Rd7 37. b4 Rd4+ 38. Kb3 Ke7 39. b5 Kd7 40. Rc4 Rd3+ 41. Rc3 Rd2 42. Rc2 Rd4 43. Ka3 f5 44. b3 f4 45. Rc4 Rd2 46. Kb4 f5 47. b6 Rd6 48. Kb5 Rd3 49. b4 Rd5+ 50. Rc5 Rxc5+ 51. bxc5 e4 52. c6+ Kc8 53. fxe4 fxe4 54. Kc4 e3 55. Kd3 exf2 56. Ke2 1-0

[Event "ROM-chT"]
[Site "Calimanesti Caciulata"]
[Date "2016.11.21"]
[Round "3.1"]
[White "Toma, Radu Cristian"]
[Black "Barzanu, Iulian"]
[Result "1/2-1/2"]
[WhiteElo "2368"]
[BlackElo "2203"]
[PlyCount "53"]
[EventDate "2016.11.19"]
[EventType "team-tourn"]
[EventRounds "9"]
[EventCountry "ROU"]
[SourceTitle "CBM 175 Extra"]
[Source "ChessBase"]
[SourceDate "2016.12.12"]
[SourceVersion "1"]
[SourceVersionDate "2016.12.12"]
[SourceQuality "1"]
[WhiteTeam "Timisoara Luxten"]
[BlackTeam "Oltenia Pro Logos"]
[WhiteTeamCountry "ROU"]
[BlackTeamCountry "ROU"]

1. Nf3 c5 2. c4 Nf6 3. Nc3 Nc6 4. e3 e6 5. Be2 Be7 6. 0-0 0-0 7. b3 d5 8. cxd5 Nxd5 9. Nxd5 Qxd5 10. Ba3 Rd8 11. Rc1 Bd7 12. Rc2 Rac8 13. Qc1 Nb4 14. Bxb4 cxb4 15. Bc4 Qa5 16. Qb1 Bc6 17. Be2 Be4 18. d3 Bg6 19. Nd2 Rc3 20. Ne4 Bxe4 21. dxe4 Qc5 22. Rfc1 Rc8 23. Rxc3 bxc3 24. Qc2 b5 25. Rd1 Rd8 26. Rxd8+ Bxd8 27. Qd3 1/2-1/2

[Event "ROM-chT"]
[Site "Calimanesti"]
[Date "2014.11.09"]
[Round "2.4"]
[White "Barzanu, Iulian"]
[Black "Miron, Lucian Costin"]
[Result "1/2-1/2"]
[WhiteElo "2208"]
[BlackElo "2498"]
[PlyCount "28"]
[EventDate "2014.11.08"]
[EventType "team-tourn"]
[EventRounds "9"]
[EventCountry "ROU"]
[SourceTitle "EXT 2015"]
[Source "ChessBase"]
[SourceDate "2014.11.20"]
[SourceVersion "1"]
[SourceVersionDate "2014.11.20"]
[SourceQuality "1"]
[WhiteTeam "Oltenia Craiova"]
[BlackTeam "Bucharest Apa Nova"]
[WhiteTeamCountry "ROU"]
[BlackTeamCountry "ROU"]

1. Nf3 d5 2. d4 e6 3. c4 Nf6 4. g3 Bb4+ 5. Bd2 Bd6 6. Nc3 0-0 7. Bg2 dxc4 8. e4 Bb4 9. Qe2 b5 10. e5 Nd5 11. Nxb5 Ba6 12. Nc3 Nc6 13. Qe4 Be7 14. h4 Ndb4 1/2-1/2

[Event "ROM-chT2"]
[Site "Olanesti"]
[Date "2013.10.13"]
[Round "2.5"]
[White "Martian, Dragos Daniel"]
[Black "Barzanu, Iulian"]
[Result "1/2-1/2"]
[WhiteElo "2186"]
[BlackElo "2210"]
[PlyCount "24"]
[EventDate "2013.10.12"]
[EventType "team-tourn"]
[EventRounds "9"]
[EventCountry "ROU"]
[SourceTitle "EXT 2014"]
[Source "ChessBase"]
[SourceDate "2013.11.20"]
[SourceVersion "1"]
[SourceVersionDate "2013.11.20"]
[SourceQuality "1"]
[WhiteTeam "Galati CC"]
[BlackTeam "Oltenia Craiova"]
[WhiteTeamCountry "ROU"]
[BlackTeamCountry "ROU"]

1. e4 d6 2. d4 Nf6 3. Nc3 g6 4. Nf3 Bg7 5. h3 0-0 6. Be3 c6 7. a4 Nbd7 8. Be2 e5 9. dxe5 dxe5 10. 0-0 Qe7 11. Bc4 Nc5 12. Nd2 Ne6 1/2-1/2

[Event "ROM-chTA"]
[Site "Olanesti"]
[Date "2012.10.14"]
[Round "9.4"]
[White "Barzanu, Iulian"]
[Black "Bucur, Sorin"]
[Result "1/2-1/2"]
[WhiteElo "2216"]
[BlackElo "2025"]
[PlyCount "98"]
[EventDate "2012.10.06"]
[EventType "team-tourn"]
[EventRounds "9"]
[EventCountry "ROU"]
[SourceTitle "CBM 150 Extra"]
[Source "ChessBase"]
[SourceDate "2012.10.19"]
[SourceVersion "1"]
[SourceVersionDate "2012.10.19"]
[SourceQuality "1"]
[WhiteTeam "Craiova Oltenia"]
[BlackTeam "Deva"]
[WhiteTeamCountry "ROU"]
[BlackTeamCountry "ROU"]

1. e4 c6 2. d4 d5 3. Nc3 dxe4 4. Nxe4 Bf5 5. Ng3 Bg6 6. Nf3 e6 7. h4 h6 8. Ne5 Ne7 9. Nxg6 Nxg6 10. h5 Ne7 11. c4 Nd7 12. Be3 Nf5 13. Nxf5 Qa5+ 14. Bd2 Qxf5 15. Qb3 Qe4+ 16. Be3 0-0-0 17. 0-0-0 Qf5 18. Qa4 a6 19. Bd3 Qf6 20. f4 Bd6 21. g3 Bc7 22. Be4 Nb8 23. Rd3 Rd7 24. Rhd1 Bb6 25. b4 Rhd8 26. c5 Bc7 27. Qb3 g5 28. hxg6 fxg6 29. Qc2 g5 30. fxg5 hxg5 31. Qf2 Qg7 32. a4 Rf8 33. Qg2 Bd8 34. Rh1 Qg8 35. Kc2 Rdf7 36. Rb1 Rc7 37. Rdb3 Rff7 38. Kb2 Bf6 39. Ka3 Qg7 40. Rd3 Rcd7 41. Rbd1 Rf8 42. Qa2 Qe7 43. Rh1 Rfd8 44. Qc4 Rh8 45. Rxh8+ Bxh8 46. Bf3 Qf6 47. Be4 Bg7 48. Qa2 Qe7 49. Qc4 Bf6 1/2-1/2

[Event "ROM-chTA"]
[Site "Olanesti"]
[Date "2012.10.10"]
[Round "5.5"]
[White "Barzanu, Iulian"]
[Black "Vasile, Claudiu Daniel"]
[Result "1/2-1/2"]
[WhiteElo "2216"]
[BlackElo "2110"]
[PlyCount "78"]
[EventDate "2012.10.06"]
[EventType "team-tourn"]
[EventRounds "9"]
[EventCountry "ROU"]
[SourceTitle "CBM 150 Extra"]
[Source "ChessBase"]
[SourceDate "2012.10.19"]
[SourceVersion "1"]
[SourceVersionDate "2012.10.19"]
[SourceQuality "1"]
[WhiteTeam "Craiova Oltenia"]
[BlackTeam "Otopeni"]
[WhiteTeamCountry "ROU"]
[BlackTeamCountry "ROU"]

1. Nf3 Nf6 2. c4 e6 3. g3 d5 4. b3 Be7 5. Bg2 0-0 6. 0-0 c5 7. cxd5 exd5 8. Bb2 Nc6 9. d4 Be6 10. Nc3 Ne4 11. dxc5 Bf6 12. Na4 Bxb2 13. Nxb2 Nxc5 14. Rc1 Ne4 15. Nd4 Nxd4 16. Qxd4 Qf6 17. Qxf6 Nxf6 18. Nd3 Rac8 19. Nf4 Rfd8 20. Rfd1 Kf8 21. Rxc8 Rxc8 22. Nxd5 Nxd5 23. Bxd5 Rd8 24. e4 Bxd5 25. exd5 Ke7 26. f4 Kd6 27. Rc1 Rd7 28. Kf2 Kxd5 29. Rd1+ Kc6 30. Rxd7 Kxd7 31. Ke3 Ke6 32. Kd4 Kf5 33. h3 h5 34. Ke3 Ke6 35. Ke4 f5+ 36. Kd4 Kd6 37. Kc4 Kc6 38. Kd4 Kd6 39. Kc4 Kc6 1/2-1/2

[Event "Kesarovski Georgiev Memorial 11th"]
[Site "Sunny Beach"]
[Date "2012.09.08"]
[Round "8"]
[White "Nikolov, Sasho"]
[Black "Barzanu, Iulian"]
[Result "1-0"]
[WhiteElo "2422"]
[BlackElo "2222"]
[PlyCount "83"]
[EventDate "2012.09.01"]
[EventType "swiss"]
[EventRounds "9"]
[EventCountry "BUL"]
[SourceTitle "CBM 150 Extra"]
[Source "ChessBase"]
[SourceDate "2012.10.19"]
[SourceVersion "1"]
[SourceVersionDate "2012.10.19"]
[SourceQuality "1"]

1. d4 d6 2. e4 Nf6 3. Nc3 g6 4. Be3 c6 5. Nf3 Bg7 6. h3 0-0 7. a4 Nbd7 8. a5 e5 9. dxe5 dxe5 10. Bc4 Qe7 11. 0-0 Nc5 12. Nd2 Rd8 13. Qf3 Ne6 14. Ne2 h6 15. h4 g5 16. hxg5 Nxg5 17. Bxg5 hxg5 18. Rfd1 Bg4 19. Qe3 Nh5 20. g3 Rd6 21. Nf1 Rg6 22. Nh2 Be6 23. Bxe6 Qxe6 24. Qf3 g4 25. Qf5 Qc4 26. Nc3 Nf6 27. Rd3 Qb4 28. b3 Qe7 29. Rad1 Bh6 30. Rd6 Kg7 31. Nxg4 Rxg4 32. Rd7 Qe8 33. R1d6 Rg6 34. Rxb7 Qc8 35. Qxc8 Rxc8 36. Rxa7 Kg8 37. a6 Bf8 38. Rd3 Bc5 39. Rb7 Ng4 40. Rf3 Ra8 41. Na4 Ba7 42. Rfxf7 1-0

[Event "Kesarovski Georgiev Memorial 11th"]
[Site "Sunny Beach"]
[Date "2012.09.01"]
[Round "1"]
[White "Barzanu, Iulian"]
[Black "Ivanov, Daniel"]
[Result "1-0"]
[WhiteElo "2222"]
[BlackElo "1797"]
[PlyCount "66"]
[EventDate "2012.09.01"]
[EventType "swiss"]
[EventRounds "9"]
[EventCountry "BUL"]
[SourceTitle "CBM 150 Extra"]
[Source "ChessBase"]
[SourceDate "2012.10.19"]
[SourceVersion "1"]
[SourceVersionDate "2012.10.19"]
[SourceQuality "1"]

1. e4 e6 2. d3 c5 3. Nf3 Nc6 4. g3 Be7 5. Bg2 Qc7 6. 0-0 b6 7. d4 cxd4 8. Nxd4 Bb7 9. Nb5 Qb8 10. Bf4 e5 11. Be3 a6 12. N5c3 b5 13. Nd5 Bd8 14. Qg4 g6 15. Nbc3 Nce7 16. Nb6 Bxb6 17. Bxb6 Qc8 18. Qg5 f6 19. Qe3 Qc6 20. Rfd1 Rc8 21. Nd5 Nxd5 22. exd5 Qd6 23. c3 Ne7 24. Ba5 Nf5 25. Qe2 Qc5 26. a4 bxa4 27. Rxa4 Qb5 28. Qxb5 axb5 29. Rb4 Nd6 30. Bb6 Rc4 31. Rb3 Kf7 32. Bf1 Ra4 33. Bc7 Ne8 1-0

[Event "Eforie Nord op 2nd"]
[Site "Eforie Nord"]
[Date "2010.06.22"]
[Round "6"]
[White "Barzanu, Iulian"]
[Black "Thesing, Matthias"]
[Result "0-1"]
[WhiteElo "2250"]
[BlackElo "2425"]
[PlyCount "154"]
[EventDate "2010.06.18"]
[EventType "swiss"]
[EventRounds "11"]
[EventCountry "ROU"]
[SourceTitle "CBM 137 Extra"]
[Source "ChessBase"]
[SourceDate "2010.09.01"]
[SourceVersion "1"]
[SourceVersionDate "2010.09.01"]
[SourceQuality "1"]

1. d4 d5 2. Nf3 Nf6 3. g3 c6 4. Bg2 Bf5 5. 0-0 e6 6. c4 Nbd7 7. b3 Be7 8. Bb2 0-0 9. Nc3 Ne4 10. Nd2 Nxd2 11. Qxd2 dxc4 12. e4 Bg4 13. f3 Bh5 14. bxc4 Ne5 15. Ne2 Nxc4 16. Qc3 Nxb2 17. Qxb2 Qb6 18. Rab1 Qxb2 19. Rxb2 b6 20. Nf4 Bg6 21. h4 h6 22. Nxg6 fxg6 23. Bh3 Kf7 24. Rc2 c5 25. d5 exd5 26. exd5 Bd6 27. f4 Rae8 28. Be6+ Ke7 29. Kg2 b5 30. Rb1 b4 31. Re1 Kd8 32. a3 a5 33. axb4 axb4 34. Ra2 Ke7 35. Ra6 Rf6 36. Ra7+ Kf8 37. Rd7 Be7 38. Ra1 Rxe6 39. dxe6 Bf6 40. Ra5 Bd4 41. Ra6 b3 42. Rb6 b2 43. Kf3 Rxe6 44. Rb8+ Re8 45. Rbb7 Re3+ 46. Kg4 h5+ 47. Kh3 Re8 48. Kg2 Rc8 49. Rxd4 cxd4 50. Rxb2 Kf7 51. Rd2 Rc4 52. Kf3 Kf6 53. Ke4 Rc3 54. Rg2 Ra3 55. Rg1 d3 56. Rd1 d2 57. Rxd2 Rxg3 58. Rh2 Ra3 59. Rb2 Rh3 60. Rb6+ Kf7 61. Rb7+ Kg8 62. Rb8+ Kh7 63. Rb6 Rxh4 64. Kf3 Rh3+ 65. Kg2 Ra3 66. Rc6 Ra5 67. Kg3 g5 68. fxg5 Rxg5+ 69. Kh4 Ra5 70. Rc8 g6 71. Rb8 Ra4+ 72. Kg5 Rg4+ 73. Kf6 h4 74. Ra8 h3 75. Ra2 Kh6 76. Ra8 Rf4+ 77. Ke5 Kg5 0-1

[Event "Eforie Nord op 2nd"]
[Site "Eforie Nord"]
[Date "2010.06.21"]
[Round "5"]
[White "Berescu, Alin Mile"]
[Black "Barzanu, Iulian"]
[Result "1/2-1/2"]
[WhiteElo "2464"]
[BlackElo "2250"]
[PlyCount "39"]
[EventDate "2010.06.18"]
[EventType "swiss"]
[EventRounds "11"]
[EventCountry "ROU"]
[SourceTitle "CBM 137 Extra"]
[Source "ChessBase"]
[SourceDate "2010.09.01"]
[SourceVersion "1"]
[SourceVersionDate "2010.09.01"]
[SourceQuality "1"]

1. d4 d5 2. Nf3 c6 3. e3 e6 4. Bd3 Bd6 5. b3 f5 6. Ne5 Nf6 7. Nd2 0-0 8. 0-0 Nbd7 9. f4 Ne4 10. c4 Nxe5 11. fxe5 Be7 12. Nxe4 fxe4 13. Rxf8+ Qxf8 14. Be2 Bd7 15. Bg4 Bh4 16. Qe2 Qb4 17. Bd2 Qa3 18. Bc1 Qb4 19. Bd2 Qa3 20. Bc1 1/2-1/2

[Event "Bucharest Romgaz op 2nd"]
[Site "Bucharest"]
[Date "2008.09.19"]
[Round "9"]
[White "Barzanu, Iulian"]
[Black "Teodorescu, Anca"]
[Result "1-0"]
[WhiteElo "2246"]
[BlackElo "2031"]
[PlyCount "51"]
[EventDate "2008.09.11"]
[EventType "swiss"]
[EventRounds "9"]
[EventCountry "ROU"]
[SourceTitle "CBM 126 Extra"]
[Source "ChessBase"]
[SourceDate "2008.11.05"]
[SourceVersion "1"]
[SourceVersionDate "2008.11.05"]
[SourceQuality "1"]

1. c4 Nf6 2. Nf3 c5 3. Nc3 Nc6 4. d4 cxd4 5. Nxd4 g6 6. Nc2 Bg7 7. g3 a6 8. Bg2 d6 9. 0-0 h5 10. h4 Be6 11. Ne3 Ng4 12. Ncd5 Nce5 13. Bd2 Nxe3 14. Bxe3 Nxc4 15. Bd4 Nxb2 16. Qd2 Nc4 17. Qc3 Ne5 18. Nc7+ Kd7 19. Nxa8 Qxa8 20. Rab1 Rc8 21. Qa1 Rc7 22. f4 Ng4 23. Bxg7 f6 24. Qd4 Bxa2 25. Qa4+ Kc8 26. Qe8# 1-0

[Event "Bucharest Romgaz op 2nd"]
[Site "Bucharest"]
[Date "2008.09.15"]
[Round "5"]
[White "Barzanu, Iulian"]
[Black "Szabo, Gergely Andras"]
[Result "0-1"]
[WhiteElo "2246"]
[BlackElo "2514"]
[PlyCount "74"]
[EventDate "2008.09.11"]
[EventType "swiss"]
[EventRounds "9"]
[EventCountry "ROU"]
[SourceTitle "CBM 126 Extra"]
[Source "ChessBase"]
[SourceDate "2008.11.05"]
[SourceVersion "1"]
[SourceVersionDate "2008.11.05"]
[SourceQuality "1"]

1. Nf3 e6 2. d4 c5 3. g3 Nc6 4. Bg2 Qa5+ 5. c3 cxd4 6. Nxd4 Nf6 7. 0-0 Be7 8. Nd2 0-0 9. e4 a6 10. N2b3 Qc7 11. f4 d6 12. g4 Re8 13. g5 Nd7 14. Rf3 g6 15. h4 Nxd4 16. cxd4 d5 17. Rc3 Qd8 18. e5 b6 19. f5 gxf5 20. Rg3 Nf8 21. h5 Ra7 22. Be3 a5 23. Nc1 Ba6 24. Bf1 Bxf1 25. Qxf1 Qc8 26. Nd3 Qc4 27. Rc1 Qxa2 28. Qg2 a4 29. Nf4 a3 30. g6 fxg6 31. Nxg6 Nxg6 32. Rxg6+ Kh8 33. Rg7 Bg5 34. Bxg5 axb2 35. Rg8+ Kxg8 36. Bf6+ Kf8 37. Bg5 Kg8 0-1

[Event "Bucharest Romgaz op 2nd"]
[Site "Bucharest"]
[Date "2008.09.12"]
[Round "2"]
[White "Nevednichy, Vladislav"]
[Black "Barzanu, Iulian"]
[Result "1-0"]
[WhiteElo "2577"]
[BlackElo "2246"]
[PlyCount "125"]
[EventDate "2008.09.11"]
[EventType "swiss"]
[EventRounds "9"]
[EventCountry "ROU"]
[SourceTitle "CBM 126 Extra"]
[Source "ChessBase"]
[SourceDate "2008.11.05"]
[SourceVersion "1"]
[SourceVersionDate "2008.11.05"]
[SourceQuality "1"]

1. e4 d6 2. d4 Nf6 3. Nc3 g6 4. Nf3 Bg7 5. Be2 0-0 6. 0-0 c6 7. Re1 Qc7 8. Bf4 Nh5 9. Be3 e5 10. Qd2 Nd7 11. a4 Re8 12. Red1 Nhf6 13. dxe5 dxe5 14. h3 Bf8 15. a5 Nc5 16. Bd3 Be6 17. Ng5 Rad8 18. Qe2 b5 19. axb6 axb6 20. Qf3 Nxd3 21. Rxd3 Rxd3 22. cxd3 Bg7 23. Qd1 Nd7 24. Qc2 Qb7 25. Qa4 h6 26. Nxe6 Rxe6 27. Qa8+ Qxa8 28. Rxa8+ Kh7 29. Kf1 Bf6 30. Na4 b5 31. Ra7 Re7 32. Nc3 Nf8 33. Ra6 Re6 34. Na2 Be7 35. Ra7 Kg7 36. Ke2 g5 37. Nc1 Ng6 38. g3 Bd8 39. Nb3 Bf6 40. Rc7 Bd8 41. Rc8 Bf6 42. Na5 Ne7 43. Rc7 h5 44. Bc5 g4 45. hxg4 hxg4 46. Nb7 Ng6 47. Nd6 Ne7 48. Ne8+ Kg6 49. Nxf6 Kxf6 50. Bxe7+ Rxe7 51. Rxc6+ Kg7 52. Rc5 f6 53. Rxb5 Rc7 54. Kd2 Kg6 55. b4 Rh7 56. Rb8 Ra7 57. b5 Ra2+ 58. Kc3 Ra3+ 59. Kc4 Ra2 60. b6 Kg7 61. Rd8 Rb2 62. Rd7+ Kg6 63. b7 1-0

[Event "ROM-ch"]
[Site "Cluj"]
[Date "2008.03.01"]
[Round "8"]
[White "Miroiu, George Catalin"]
[Black "Barzanu, Iulian"]
[Result "1/2-1/2"]
[WhiteElo "2076"]
[BlackElo "2268"]
[PlyCount "25"]
[EventDate "2008.02.25"]
[EventType "swiss"]
[EventRounds "9"]
[EventCountry "ROU"]
[SourceTitle "CBM 123 Extra"]
[Source "ChessBase"]
[SourceDate "2008.05.06"]
[SourceVersion "1"]
[SourceVersionDate "2008.05.06"]
[SourceQuality "1"]

1. d4 d6 2. Nf3 g6 3. c4 Bg7 4. e4 Nf6 5. Nc3 0-0 6. Be2 e5 7. 0-0 Nc6 8. d5 Ne7 9. b4 Nh5 10. c5 Nf4 11. Bc4 h6 12. Re1 g5 13. Nd2 1/2-1/2